1627 1479 1965 1971 1477 1785 1029 1449 1964 1239 1146 1728 1132 1657 1578 1050 1751 1591 1772 1852 1800 1747 1370 1061 1625 1471 1191 1257 1447 1380 1173 1231 1961 1640 1385 1981 1127 1013 1922 1831 1375 1316 1502 1892 1487 1975 1703 1585 1029 1395 1716 1598 1102 1340 1686 1571 1473 1629 1461 1924 1792 1608 1104 1156 1418 1547 1927 1978 1757 1053 1488 1504 1511 1936 1652 1920 1757 1937 1720 1994 1645 1271 1686 1601 1566 1885 1277 1015 1521 1761 1809 1616 1206 1426 1646 1063 1961 1863 1584 BCNSPRNW ULIB Ver.6.0+V

เปลี่ยนเป็นภาษาไทย

Change to English
 แสดงรายละเอียดบรรณานุกรม
  กลับหน้าหลัก

Brief Record : Get Marc (ISO 2709) : E-mail record : QR code < ปิดหน้าต่าง
LEADER : 00000nam 2200000uu 4500
001    13399108396
003     ULIB
008    110302s2552||||th 000 0 tha d
020    9789749432860
060 04 WY100^bฟ155ก
100 0  ฟองคำ ติลกสกุลชัย
245 10 การปฏิบัติการพยาบาลตามหลักฐานเชิงประจักษ์ :^bหลักการและวิธีปฎิบัติ = Evidence-based nursing : principle and method /^cฟองคำ ติลกสกุลชัย
246 31 Evidence-based practice :^bprinciple and method
250    พิมพ์ครั้งที่ 5
260    กรุงเทพฯ :^bคณะพยาบาลศาสตร์ มหาวิทยาลัยมหิดล,^c2552
300    181 หน้า ;^c21 ซม.
650  7 การพยาบาล
650  7 การพยาบาลเวชปฏิบัติ
650  7 การพยาบาล, การบริการ
650  7 การพยาบาล^xวิจัย
650  7 วิจัย
710 2  มหาวิทยาลัยมหิดล. ^bคณะพยาบาลศาสตร์
945    ^p200^l0^i027977
945    ^p200^l0^i026989
945    ^p200^l0^i026988
945    ^p200^l0^i026987
945    ^p200^l0^i026044
945    ^p200^l0^i026042
945    ^p200^l0^i027976
945    ^p200^l0^i026043
995    ทศพร
999 ^a ใช้งานได้ทุกระบบ
รายการนี้ยังไม่มีแท็ก
คุณยังไม่ได้ล็อกอิน คุณสามารถมีกิจกรรมร่วมกับเว็บไซต์ได้ แต่ต้องล็อกอินก่อน ::
  ล็อกอิน

รายการสื่อสารสนเทศ

ลำดับที่ ประเภท เลขเรียก/บาร์โค้ด สถานที่ สถานะ
- ไม่พบข้อมูล -

รายการใกล้เคียง
    ผู้แต่ง [ฟองคำ ติลกสกุลชัย]

    หัวเรื่อง [การพยาบาล]
    หัวเรื่อง [การพยาบาลเวชปฏิบัติ]
    หัวเรื่อง [การพยาบาล, การบริการ]
    หัวเรื่อง [วิจัย]

BibComment


ยังไม่เคยถูกคอมเมนท์

คอมเมนท์ทรัพยากรรายการนี้
  คอมเมนท์: การปฏิบัติการพยาบ..


 Copyright 2026. Bcnsprnw @Library